| 000 | 00956nam a2200313 c 4500 | ||
|---|---|---|---|
| 001 | 119 | ||
| 003 | ES-MaCES | ||
| 005 | 20150929135341.0 | ||
| 008 | 940610s1992 fr ||| | fre d | ||
| 035 | _aCES19980001191m | ||
| 040 |
_aES-MaCES _bspa _cES-MaCES |
||
| 100 | 1 |
_aMoussis, Nicolas _919252 |
|
| 245 | 1 | 0 |
_aAccès à l'Europe _b: manuel des politiques communautaires _cpar Nicolas Moussis |
| 250 | _a2ème éd. rev | ||
| 260 |
_aRixensart [Bélgica] _bEdit-Eur _c1992 |
||
| 300 |
_a546 p. _c24 cm |
||
| 500 | _aEn la cub.: Mise à jour annuelle | ||
| 504 | _aBibliografía. Indices | ||
| 541 | _cCompra | ||
| 650 | 4 |
_aMercado Unico Europeo _930652 |
|
| 650 | 4 |
_aintegración económica _927962 |
|
| 650 | 4 |
_aunión monetaria _928170 |
|
| 650 | 4 |
_apolítica comunitaria _930776 |
|
| 653 | 1 | 0 | _aMercado Único Europeo |
| 650 | 4 |
_926752 _aUE |
|
| 902 | _aLIB Libro | ||
| 942 |
_2CES _cBK _h1.0. |
||
| 999 |
_c119 _d119 |
||